Life and legacy of madras christian college (1837-1978) (Record no. 499760)

MARC details
000 -LEADER
fixed length control field 00823nam a2200253Ia 4500
003 - CONTROL NUMBER IDENTIFIER
control field OSt
005 - DATE AND TIME OF LATEST TRANSACTION
control field 20220925181631.0
008 - FIXED-LENGTH DATA ELEMENTS--GENERAL INFORMATION
fixed length control field 220923b |||||||| |||| 00| 0 eng d
020 ## - INTERNATIONAL STANDARD BOOK NUMBER
International Standard Book Number 9788191050417
037 ## - SOURCE OF ACQUISITION
Terms of availability General Book
040 ## - CATALOGING SOURCE
Original cataloging agency RTL
Transcribing agency RTL
Language of cataloging eng
041 ## - LANGUAGE CODE
Source of code eng
Language code of text/sound track or separate title eng
100 ## - MAIN ENTRY--PERSONAL NAME
Personal name KALAPATI Joshua
9 (RLIN) 254333
245 #0 - TITLE STATEMENT
Title Life and legacy of madras christian college (1837-1978)
260 ## - PUBLICATION, DISTRIBUTION, ETC.
Place of publication, distribution, etc. Chennai
Name of publisher, distributor, etc. Zha Communications
Date of publication, distribution, etc. 2010
300 ## - PHYSICAL DESCRIPTION
Extent xvi,356p
Dimensions cm.
500 ## - GENERAL NOTE
General note References - 845-873p; Glossary: 875-898p; Appendix: 793-844p
700 ## - ADDED ENTRY--PERSONAL NAME
Personal name JEYASEKARAN Ambrose
9 (RLIN) 254334
942 ## - ADDED ENTRY ELEMENTS (KOHA)
Classification part T4(Q6).211.N78<-M37, Q0
Koha item type General Books
Source of classification or shelving scheme Colon Classification (CC)
Holdings
Withdrawn status Lost status Damaged status Not for loan Home library Current library Date acquired Total Checkouts Full call number Barcode Date last seen Price effective from Koha item type
        Ratan Tata Library Ratan Tata Library 2022-09-25   T4(Q6).211.N78<-M37 Q0 RT1330895 2022-09-25 2022-09-25 General Books
Copyright @ Delhi University Library System